| 000 | 00786nas a2200253 4500 | ||
|---|---|---|---|
| 001 | BR9504938 | ||
| 003 | BR-BrBNA | ||
| 005 | 20231205094424.0 | ||
| 007 | ta | ||
| 008 | 230509b bl.|||p| |||| 00| 00por d | ||
| 040 |
_aBR-BrBNA _bpor _cBiblioteca Nacional de Agricultura |
||
| 041 | _a(Pt) | ||
| 072 | _aF70 | ||
| 100 | 1 | _aMiranda, M.M.B. de | |
| 100 | 1 | _aAndrade, T.A.P. de | |
| 100 | 1 | _aAlves, M.N. | |
| 245 | 1 | _aPolen das plantas do nordeste setentrional do Brasil 4. Sterculiaceae Byttneria Murs e Melochia Linn | |
| 650 | _aDicotiledonea | ||
| 650 | _aPolen | ||
| 650 | _aTaxonomia Vegetal | ||
| 773 | 0 |
_tCiencia Agronomica (Brazil) _xISSN 0045-6888 _g(Jun-Dec 1992), v. 23(1-2) p. 85-91 _wBR9504938 |
|
| 909 |
_a202311 _bLúcia _c55 _dLúcia Elande |
||
| 942 |
_2AGRIS _n0 _cANA |
||
| 999 |
_c144204 _d144204 |
||